• 首页
  • 本馆介绍
  • 公告通知
  • 最新文献
  • 馆藏检索
  • 电子资源
  • 读者导购
  • 参考咨询
  • 我的图书馆
  • 登录
  • 详细信息显示
  • 放入我的书架
  • 预约/预借图书
  • 作者相关作品
  • 分类相关作品
  • 丛书相关作品
  • 出版社相关作品

书目信息

  • 表格格式
  • 工作单格式
  • 卡片格式
题名:
中国图书馆图书分类法期刊分类表
    
 
作者: ;中国图书馆图书分类法编辑委员会 编
分册:  
出版信息: 北京   书目文献出版社  1993.10
页数: 102页
开本: 19cm
丛书名:
单 册:
中图分类: G254.124
科图分类:
主题词: 中国图书馆图书分类法-期刊 , 期刊-中国图书馆图书分类法
电子资源:
ISBN: 7-5013-1091-2
000 00924nam0 2200229 45
001 0195002182
005 20070728162008.28
010    @a7-5013-1091-2@dCNY2.90
100    @a19931216d1993 emky0chiy0121 ea
101 0  @achi
102    @aCN@b110000
105    @ay z 000yy
200 10 @a中国图书馆图书分类法期刊分类表@AZHONG GUO TU SHU GUAN TU SHU FEN LEI FA QI KAN FEN LEI BIAO@e第二版@EDI ER BAN@f中国图书馆图书分类法编辑委员会编@FZHONG GUOTU SHU GUAN TU SHU FEN LEI FA BIAN JI WEI YUAN HUI BIAN
210    @a北京@c书目文献出版社@d1993.10
215    @a102页@d19cm
540 1  @a中图法 分类法 分类表@AZHONG TU FA FEN LEI FA FEN LEI BIAO
606    @a中国图书馆图书分类法-期刊
606    @a期刊-中国图书馆图书分类法
690    @aG254.124@v4
711 02 @a中国图书馆图书分类法编辑委员会@AZHONG GUO TU SHU GUAN TU SHU FEN LEI FA BIAN JI WEI YUAN HUI@4编
801  0 @aCN@bTSSF@c20070728
905    @a10447@dG254.124@e102
    
    中国图书馆图书分类法期刊分类表:第二版/中国图书馆图书分类法编辑委员会编.-北京:书目文献出版社,1993.10
    102页;19cm
    
    
    ISBN 7-5013-1091-2:CNY2.90
    
●
相关链接 在E读中查询图书 在五车中查询图书 在当当中查询图书 在豆瓣中查询图书


正题名:中国图书馆图书分类法期刊分类表     索取号:G254.124/102         预约/预借

序号 登录号 条形码 馆藏地/架位号 状态 备注
1 0783857   207838571   第四借阅区/ [索取号:G254.124/102] 在馆    
2 0783858   207838580   第四借阅区/ [索取号:G254.124/102] 在馆    
3 0785036   207850360   第四借阅区/ [索取号:G254.124/102] 在馆    
唐山师范学院图书馆 欢迎您!
大连网信软件有限公司© 版权所有